Obras completas II / (Registro nro. 41389)
[ vista simple ]
| 000 -LEADER | |
|---|---|
| fixed length control field | 01582cam a2200385 i 4500 |
| 001 - CONTROL NUMBER | |
| control field | 41389 |
| 003 - CONTROL NUMBER IDENTIFIER | |
| control field | Mx-PuUPA |
| 005 - DATE AND TIME OF LATEST TRANSACTION | |
| control field | 20250321151538.0 |
| 008 - FIXED-LENGTH DATA ELEMENTS--GENERAL INFORMATION | |
| fixed length control field | 140415s2010 mx gr 000 0 spa d |
| 020 ## - INTERNATIONAL STANDARD BOOK NUMBER | |
| International Standard Book Number | 9786071602220 |
| Qualifying information | rústico |
| 020 ## - INTERNATIONAL STANDARD BOOK NUMBER | |
| International Standard Book Number | 9786071602190 |
| Qualifying information | obra completa |
| 040 ## - CATALOGING SOURCE | |
| Original cataloging agency | Mx-PuUPA |
| Language of cataloging | spa |
| Transcribing agency | Mx-PuUPA |
| Modifying agency | Mx-PuUPA |
| Description conventions | rda |
| 041 0# - LANGUAGE CODE | |
| Language code of text/sound track or separate title | spa |
| 100 1# - MAIN ENTRY--PERSONAL NAME | |
| Personal name | Guzmán, Martín Luis, |
| Dates associated with a name | 1887-1976 |
| 9 (RLIN) | 5886 |
| Relator term | autor |
| 240 10 - UNIFORM TITLE | |
| Uniform title | Obras. |
| Form subheading | Selecciones. |
| Name of part/section of a work | Martín Luis Guzmán |
| 245 10 - TITLE STATEMENT | |
| Title | Obras completas II / |
| Statement of responsibility, etc. | Martín Luis Guzman ; prólogo, Rafael Olea Franco |
| 250 ## - EDITION STATEMENT | |
| Edition statement | Cuarta edición / |
| Remainder of edition statement | en tres volúmenes |
| 264 ## - PRODUCTION, PUBLICATION, DISTRIBUTION, MANUFACTURE, AND COPYRIGHT NOTICE | |
| Place of production, publication, distribution, manufacture | Ciudad de México : |
| Name of producer, publisher, distributor, manufacturer | Fondo de Cultura Económica, |
| Date of production, publication, distribution, manufacture, or copyright notice | ©1985 |
| 300 ## - PHYSICAL DESCRIPTION | |
| Extent | 709 páginas ; |
| Dimensions | 23 cm |
| 336 ## - CONTENT TYPE | |
| Fuente | rdacontent |
| Content type term | texto |
| Content type code | txt |
| 337 ## - MEDIA TYPE | |
| Source | rdamedia |
| Media type term | sin medio |
| Media type code | n |
| 338 ## - CARRIER TYPE | |
| Source | rdacarrier |
| Carrier type term | volumen |
| Carrier type code | nc |
| 490 0# - SERIES STATEMENT | |
| Series statement | Colección Letras Mexicanas ; |
| Volume/sequential designation | 2 |
| 500 ## - GENERAL NOTE | |
| General note | Reimpresiones: (Segunda, 2017). |
| 505 0# - FORMATTED CONTENTS NOTE | |
| Formatted contents note | La sombra del Caudillo ; Axkaná González en las elecciones ; Javier Mina, héroe de España y México ; Filadelfia, paraíso de conspiradores ; Piratas y corsarios ; Academia ; Islas Marías ; Maestros rurales. -- |
| 650 #7 - SUBJECT ADDED ENTRY--TOPICAL TERM | |
| Source of heading or term | armarc |
| Topical term or geographic name entry element | Literatura mexicana |
| General subdivision | |
| Chronological subdivision | Siglo XX |
| 655 #7 - INDEX TERM--GENRE/FORM | |
| Source of term | armarc |
| Genre/form data or focus term | Novela mexicana |
| 655 #7 - INDEX TERM--GENRE/FORM | |
| Source of term | armarc |
| Genre/form data or focus term | Literatura mexicana |
| Chronological subdivision | Siglo XX |
| 700 1# - ADDED ENTRY--PERSONAL NAME | |
| Personal name | Olea Franco, Rafael, |
| Relator term | prologuista |
| 942 ## - ADDED ENTRY ELEMENTS (KOHA) | |
| Source of classification or shelving scheme | Dewey Decimal Classification |
| Koha item type | Libro |
| Classification part | 863.6 |
| Item part | G95 |
| Withdrawn status | Lost status | Source of classification or shelving scheme | Damaged status | Not for loan | Collection code | Home library | Current library | Shelving location | Date acquired | Source of acquisition | Serial Enumeration / chronology | Total Checkouts | Full call number | Barcode | Date last seen | Price effective from | Koha item type |
|---|---|---|---|---|---|---|---|---|---|---|---|---|---|---|---|---|---|
| Dewey Decimal Classification | General | Biblioteca Karol Wojtyla | Biblioteca Karol Wojtyla | Sala general | 03/12/2013 | Donación | v.2 | 863.6 G95 2010 | 62445 | 05/01/2026 | 03/12/2013 | Libro |